|
|
|
|
| LEADER |
01220ppm a22002778a 4500 |
| 001 |
00029579 |
| 005 |
20171026081023.0 |
| 008 |
120911s2007 ||||||viesd |
| 041 |
0 |
# |
|a vie
|
| 082 |
1 |
4 |
|a 398.220 959 789
|b Đ113Đ
|
| 100 |
1 |
# |
|a Hoàng, Thị Hà
|
| 245 |
1 |
0 |
|a Đặc điểm truyền thuyết dân gian Đồng Tháp
|b Khóa luận tốt nghiệp : Ngành Sư phạm ngữ văn: Trình độ : Đại học
|c Hoàng Thị Hà; Đỗ Thị Hồng Hạnh hướng dẫn
|
| 260 |
# |
# |
|a Đồng Tháp
|b Trường Đại học Đồng Tháp
|c 2007
|
| 300 |
# |
# |
|e 1 bản tóm tắt
|b minh họa
|a 57 tr.
|c 30 cm.
|
| 500 |
# |
# |
|a ĐTTTS ghi: Bộ Giáo dục và Đào tạo. Trường Đại học Đồng Tháp
|
| 502 |
# |
# |
|a Thư mục : tr.50-51
|
| 650 |
|
|
|b Nghiên cứu văn học
|a Văn học dân gian
|z Đồng Tháp
|
| 653 |
# |
# |
|a Truyền thuyết
|
| 700 |
1 |
# |
|a Đỗ, Thị Hồng Hạnh
|e hướng dẫn
|
| 852 |
# |
# |
|b Kho đọc
|j KD.0013895
|
| 852 |
# |
# |
|j KD.0013895
|
| 910 |
0 |
# |
|d 08/10/2012
|
| 980 |
# |
# |
|a Trung tâm Học liệu Lê Vũ Hùng, Trường Đại học Đồng Tháp
|